LEADER 01565nam0 2200265 450 001 000008611 005 20090317153124.0 100 $a20071121d1898----km-y0itay50------ba 101 0 $aita 102 $aIT 105 $aa-------001yy 200 1 $aTesto di geografia per le scuole secondarie superiori$elicei, istituti tecnici, collegi militari, scuole normali$fF. M Pasanisi 205 $a2. ed. completamente riveduta, ampliata e in parte riscritta 210 $aRoma$cSocieta editrice Dante Alighieri$d1898 215 $aVII, 931 p.$cill.$d20 cm 316 $aLegatura in mezza pelle su piatti di cartone ricoperti di tela (20x14x5 cm); sul dorso A., tit. e filetti impressi in oro; ivi, inoltre, etichette con antiche segnature, etichetta con l'attuale coll. a coprire coll. del Regio Istituto Superiore Navale; imbrunimento delle carte$5UNIPARTHENOPE 317 $aSulla controguardia anteriore antiche segnature mss.: 10b i1 [n.i.]; Classe XI n. 243 Ingresso n° 4243 del Registro inventario della Regia Marina Biblioteca dipartimentale di Napoli; ivi, inoltre, etichetta di coll. dell'IUN; sul r. della c. di g. ant.: 3L-II-35 [n.i.]; LIB-III-2-18 [n.i.]; coll. dell'IUN a penna; sul front.: 10b i1 [n.i.];$5UNIPARTHENOPE 620 $aItalia$dRoma 676 $a910$v21$9Geografia e viaggi 700 1$aPasanisi,$bFrancesco Maria$0630690 801 0$aIT$bUNIPARTHENOPE$c20071121$gRICA$2UNIMARC 912 $a000008611 951 $aBORB-L-41$b4243$cFB$d2007 996 $aTesto di geografia per le scuole secondarie superiori$91204778 997 $aUNIPARTHENOPE LEADER 00965nam0-2200289 --450 001 9910327155603321 005 20190705121653.0 010 $a978-88-00-74869-8 100 $a20190705d2018----kmuy0itay5050 ba 101 0 $aita 102 $aIT 105 $a 001yy 200 1 $aStoria della coppa del mondo di calcio$e(1930-2018)$epolitica, sport, globalizzazione$fRiccardo Brizzi, Nicola Sbetti 210 $aFirenze$cLe Monnier Università$aMilano$cMondadori Education$d2018 215 $aVI, 261 p.$d21 cm 225 1 $aDentro la storia 610 0 $aGioco del calcio$aCampionati mondiali$aStoria 676 $a796.3346609$v21$zita 700 1$aBrizzi,$bRiccardo$f<1978->$0477011 701 1$aSbetti,$bNicola$0765384 801 0$aIT$bUNINA$gREICAT$2UNIMARC 901 $aBK 912 $a9910327155603321 952 $aXXXI VARIE 564$b805/2019$fFSPBC 959 $aFSPBC 996 $aStoria della coppa del mondo di calcio$91555585 997 $aUNINA